Państwa Wyspiarskie w Azji - Statystyki

Ogólne statystyki
  • Ten quiz został rozwiązany 684 razy
  • Średni wynik to 8 z 11
Statystyki odpowiedzi
Państwo % Poprawnych
Japonia
96%
Indonezja
92%
Sri Lanka
86%
Filipiny
85%
Tajwan
79%
Malediwy
70%
Singapur
70%
Brunei
68%
Timor Wschodni
67%
Cypr
61%
Bahrajn
52%
Nie znaleziono quizów pasujących do podanych kryteriów
Rozkład punktacji
Procent ludzi z każdym wynikiem
Percentyl według liczby udzielonych odpowiedzi
Twoja historia wyników
Nie rozwiązałeś tego quizu